00320nam a2200121Ia 4500008004100000082002000041100001200061245002300073260005000096365000600146630002300152730002300175100415s9999 xx 000 0 und d b13706a599.7358 aSen AK aSheep in Rajasthan aJODHPURc1981bCENTRAL ARID ZONE RESEARCH INS b0 aSheep in Rajasthan aSheep in Rajasthan